Discurso que en la profesion solemne de cuarto voto hecha por los RR. PP. de la Compañia de Jesus Jose Maria Castañiza y Pedro Canton en el dia quince de agosto deste año y en la primera misa pontifical que celebraba el Illmo. Sr. Dr. D. Juan Francisco de Castañiza Gonzalez de Aguero ... obispo de la Santa Iglesia de Durango: pronunció el P. Dr. D. Ignacio Lerdo de Texada, presbítero secular de la real congregacion del oratorio de San Felipe Neri desta capital

Detalles Bibliográficos
Autor principal: Lerdo de Texada, Ignacio
Formato: Libro
Lenguaje:Undetermined
Spanish
Publicado: Mexico : s.n., 1816.
Materias:
Colección:Banco de datos
Acervo:Biblioteca Palafoxiana. Colección bibliográfica
Descripción Física:31 p. ; 4°
Tema general:Homilética
Notas:Número de localización: 15645-E, 33365-G
LEADER 01020nam a2200181Ia 4500
008 150723s9999 xx 000 0 und d
041 0 |a spa 
050 0 |a PAFX BV4207 M4 
100 1 |a Lerdo de Texada, Ignacio 
245 1 0 |a Discurso que en la profesion solemne de cuarto voto hecha por los RR. PP. de la Compañia de Jesus Jose Maria Castañiza y Pedro Canton en el dia quince de agosto deste año y en la primera misa pontifical que celebraba el Illmo. Sr. Dr. D. Juan Francisco de Castañiza Gonzalez de Aguero ... obispo de la Santa Iglesia de Durango: pronunció el P. Dr. D. Ignacio Lerdo de Texada, presbítero secular de la real congregacion del oratorio de San Felipe Neri desta capital 
260 |a Mexico : s.n., 1816. 
300 |a 31 p. ; 4° 
500 |a Número de localización: 15645-E, 33365-G 
501 |a Encuadernado con 17 obras (15645-E) Encuadernado con 8 obras (33365-G) 
650 1 0 |a Homilética 
942 |c PALALIB 
943 |g Biblioteca Palafoxiana. Colección bibliográfica 
999 |c 1053775  |d 1053775